1292 1203 1555 1881 1131 1946 1858 1606 1558 1240 1238 1997 1449 1892 1857 1231 1817 1166 1012 1789 1379 1108 1535 1400 1820 1335 1646 1312 1268 1384 1568 1274 1050 1757 1489 1207 1279 1104 1029 1908 1146 1907 1574 1887 1423 1969 1886 1376 1685 1000 1678 1041 1523 1772 1652 1401 1922 1589 1527 1339 1747 1942 1552 1569 1450 1410 1777 1085 1598 1852 1537 1046 1561 1956 1112 1039 1603 1490 1298 1391 1628 1877 1252 1705 1820 1099 1810 1816 1783 1460 1065 1753 1479 1823 1302 1526 1013 1335 1365 BCNSPRNW ULIB Ver.6.0+V

เปลี่ยนเป็นภาษาไทย

Change to English
 แสดงรายละเอียดบรรณานุกรม
  กลับหน้าหลัก

Brief Record : Get Marc (ISO 2709) : E-mail record : QR code < ปิดหน้าต่าง
LEADER : 00000nam 2200000uu 4500
001    13399109121
003     ULIB
008    110322s2552||||th 000 0 tha d
020    9789744141224
050  4 HB180.T5^bร442ศ 2552
100 0  ราตรี สิทธิพงษ์
245 10 เศรษฐศาสตร์เบื้องต้น /^cราตรี สิทธิพงษ์, ชาลี ตระกูล
250    พิมพ์ครั้งที่ 1
260    กรุงเทพฯ :^bเอ็กซเปอร์เน็ท,^c2552
300    262 หน้า :^bภาพประกอบ ;^c21 ซม.
500    "เอกสารตำราหลักประกอบการเรียนการสอนหลักสูตรรัฐประศาสนศาสตรบัณฑิต สาขาวิชาการจัดการการคลัง วิชาเศรษฐศาสตร์เบื้องต้น (Principle of economics)"
504    บรรณานุกรม
650  7 เศรษฐศาสตร์
700 0  ชาลี ตระกูล
945    ^p230^l0^i029920
945    ^p230^l0^i029919
995    เกษร
999 ^a ใช้งานได้ทุกระบบ
รายการนี้ยังไม่มีแท็ก
คุณยังไม่ได้ล็อกอิน คุณสามารถมีกิจกรรมร่วมกับเว็บไซต์ได้ แต่ต้องล็อกอินก่อน ::
  ล็อกอิน

รายการสื่อสารสนเทศ

ลำดับที่ ประเภท เลขเรียก/บาร์โค้ด สถานที่ สถานะ
1. การศึกษาทั่วไป
การศึกษาทั่วไป
HB180.T5 ร442ศ 2552 ฉ.2 
  Barcode: 029920
ห้องสมุดวิทยาเขตนครสวรรค์
►หนังสือทั่วไป:l:General Books
บนชั้น

รายการใกล้เคียง
    ผู้แต่ง [ราตรี สิทธิพงษ์]

    หัวเรื่อง [เศรษฐศาสตร์]

BibComment


ยังไม่เคยถูกคอมเมนท์

คอมเมนท์ทรัพยากรรายการนี้
  คอมเมนท์: เศรษฐศาสตร์เบื้อง..


 Copyright 2026. Bcnsprnw @Library